Á lódáil...

The collected short stories of Saki

Sonraí Bibleagrafaíochta
Príomhúdar: Munro, Hector Hugh
Formáid: Printed Book
Teanga:English
Foilsithe: London: Wordsworth Classics, 1993
LEADER 00560nam a22001577a 4500
003 OSt
005 20200624134646.0
008 160601b xxu||||| |||| 00| 0 eng d
082 |a 895.832S108 COL 
100 |a Munro, Hector Hugh 
245 |a The collected short stories of Saki  |c Hector Hugh Munro 
260 |a London:  |b Wordsworth Classics,  |c 1993 
300 |a 494p. 
942 |2 ddc  |c BK 
999 |c 329850  |d 329850 
952 |0 0  |1 0  |2 ddc  |4 0  |6 895_000000000000000_832S108_COL  |7 0  |9 376445  |a CSC  |b CSC  |c ST1  |d 2016-06-01  |i 12170  |l 0  |o 895.832S108 COL  |p CSC12170  |r 2016-06-01  |w 2016-06-01  |y BK